[Event "Chambly op"]
[Site "Chambly CAN"]
[Date "2022.04.03"]
[Round "5.1"]
[White "Chabot, Roland"]
[Black "Rodrigue-Lemieux, Shawn"]
[Result "0-1"]
[WhiteElo "2204"]
[BlackElo "2418"]
[PlyCount "92"]
[EventDate "2022.04.01"]
[EventType "swiss"]
[EventRounds "5"]
[EventCountry "CAN"]

1. d4 Nf6 2. Bg5 e6 3. e4 c5 4. d5 d6 5. Nc3 Be7 6. Bb5+ Bd7 7. Bxd7+ Qxd7 8.
Nf3 e5 9. a4 O-O 10. O-O Na6 11. Bxf6 Bxf6 12. Nd2 g6 13. Nc4 Nc7 14. Ra3 Ne8
15. Rb3 Rb8 16. a5 a6 17. Ra3 Bg5 18. Na4 f5 19. Nab6 Qe7 20. Qe2 fxe4 21. Qg4
Rf5 22. Qxe4 Nf6 23. Qe2 Rf8 24. g3 Nh5 25. Raa1 Qd8 26. c3 R5f7 27. Rae1 Ng7
28. Nd2 Bxd2 29. Qxd2 Nh5 30. b4 cxb4 31. cxb4 Ng7 32. Rc1 Nf5 33. Rc8 Qe7 34.
Rfc1 Nd4 35. Rxf8+ Rxf8 36. Qe3 Qf7 37. f4 Qf5 38. Rf1 Qc2 39. Rf2 Qb1+ 40. Kg2
Nf5 41. Qe2 e4 42. b5 axb5 43. Qa2 Ne3+ 44. Kh3 Rf5 45. g4 Qxa2 46. Rxa2 Rxf4
0-1

[Event "Chambly op"]
[Site "Chambly CAN"]
[Date "2022.04.03"]
[Round "5.2"]
[White "Hebert, Jean"]
[Black "Latorre, Vincent"]
[Result "1-0"]
[WhiteElo "2402"]
[BlackElo "2062"]
[PlyCount "141"]
[EventDate "2022.04.01"]
[EventType "swiss"]
[EventRounds "5"]
[EventCountry "CAN"]

1. e4 e5 2. Nf3 Nc6 3. Bc4 Bc5 4. c3 Nf6 5. d3 d6 6. a4 a6 7. h3 h6 8. O-O O-O
9. Re1 Ba7 10. Nbd2 Be6 11. Bb3 Qd7 12. Nf1 Ne7 13. d4 Bxb3 14. Qxb3 Ng6 15.
Ng3 Rfe8 16. Be3 Qc6 17. Rac1 d5 18. dxe5 Bxe3 19. Rxe3 Nxe5 20. Nxe5 Rxe5 21.
exd5 Qxd5 22. c4 Rxe3 23. Qxe3 Qd7 24. Qb3 b6 25. c5 bxc5 26. Rxc5 Qe7 27. Qc3
Rd8 28. Nf5 Qe6 29. Re5 Qb6 30. Qg3 g6 31. Nxh6+ Kf8 32. Re2 Qc5 33. Ng4 Qc1+
34. Kh2 Rd1 35. Qe5 Nxg4+ 36. hxg4 Qh6+ 37. Kg3 Rd3+ 38. Re3 Rxe3+ 39. fxe3 Qh1
40. g5 Qe1+ 41. Kg4 Qe2+ 42. Kh3 Qd1 43. a5 Qh1+ 44. Kg3 Qe1+ 45. Kg4 Qd1+ 46.
Kf4 Qf1+ 47. Ke4 Qxg2+ 48. Kd3 Qf1+ 49. Kc3 Qc1+ 50. Kb3 Qd1+ 51. Kc4 Qc2+ 52.
Kd5 Qg2+ 53. e4 Qc2 54. Qd4 Qb3+ 55. Kc6 Qb5+ 56. Kxc7 Qxa5+ 57. Kc8 Qb5 58. b4
Qc6+ 59. Kb8 Qe8+ 60. Ka7 Qe7+ 61. Kxa6 Qxg5 62. b5 Qc1 63. b6 Qc8+ 64. b7 Qc6+
65. Ka7 Qc7 66. Ka8 Qc6 67. Qd5 Qa6+ 68. Kb8 Qa3 69. Kc7 Qa7 70. Qd6+ Kg7 71.
Kc8 1-0

[Event "Chambly op"]
[Site "Chambly CAN"]
[Date "2022.04.03"]
[Round "5.3"]
[White "Batorshyn, Ilia"]
[Black "Tanaka, Tyler"]
[Result "1/2-1/2"]
[WhiteElo "1706"]
[BlackElo "2255"]
[PlyCount "129"]
[EventDate "2022.04.01"]
[EventType "swiss"]
[EventRounds "5"]
[EventCountry "CAN"]

1. Nf3 d5 2. g3 Bg4 3. Bg2 Nd7 4. c4 dxc4 5. Na3 c6 6. Nxc4 Bxf3 7. Bxf3 e6 8.
d3 Ngf6 9. Bf4 Nb6 10. O-O Nxc4 11. dxc4 Bc5 12. Qxd8+ Rxd8 13. b4 Bxb4 14.
Rab1 a5 15. a3 Bxa3 16. Rxb7 O-O 17. Bc7 Rd4 18. Bxc6 Rxc4 19. Bb5 Rc5 20. Ra1
Bb4 21. Bd6 Rxb5 22. Rxb5 Bxd6 23. Rbxa5 g6 24. Ra8 Rxa8 25. Rxa8+ Kg7 26. Kg2
g5 27. Ra4 Kg6 28. Ra6 Bf8 29. Ra8 Bg7 30. h3 Nd5 31. Ra6 h5 32. e3 Nf6 33. Kf3
Nd7 34. Ke2 Nc5 35. Rc6 Ne4 36. Kf3 Nf6 37. Rc7 Nd5 38. Rc6 Kf6 39. Rc8 Ne7 40.
Re8 Ng6 41. Ke4 Nf8 42. g4 Kg6 43. f4 f5+ 44. Kf3 fxg4+ 45. hxg4 h4 46. Kg2 Kf7
47. Rb8 Bh6 48. Rb7+ Kf6 49. Kf3 h3 50. Ke4 h2 51. Rb1 Ng6 52. fxg5+ Kxg5 53.
Rh1 Kxg4 54. Rxh2 Kg5 55. Rf2 Bg7 56. Rf7 Bf6 57. Rh7 Nh4 58. Ra7 Kg6 59. Kf4
Nf5 60. e4 Nd4 61. e5 Nc6 62. Ra6 Nxe5 63. Rxe6 Nf7 64. Ra6 Ng5 65. Rxf6+
1/2-1/2

[Event "Chambly op"]
[Site "Chambly CAN"]
[Date "2022.04.03"]
[Round "5.4"]
[White "Beaudry, Marc-Andre"]
[Black "Zheng, Richard"]
[Result "0-1"]
[WhiteElo "2020"]
[BlackElo "2170"]
[PlyCount "105"]
[EventDate "2022.04.01"]
[EventType "swiss"]
[EventRounds "5"]
[EventCountry "CAN"]

1. d4 d5 2. c4 c6 3. Nc3 Nf6 4. e3 e6 5. Nf3 a6 6. Qc2 Nbd7 7. b3 Bb4 8. a3
Bxc3+ 9. Qxc3 Ne4 10. Qc2 f5 11. Bd3 O-O 12. Bb2 Rb8 13. Ne5 Nxe5 14. dxe5 b5
15. c5 Ng5 16. f3 Nf7 17. O-O-O Qc7 18. f4 Kh8 19. g4 Nh6 20. h3 Qe7 21. Rdg1
g6 22. g5 Nf7 23. h4 Kg7 24. h5 Bb7 25. Bd4 Rh8 26. Rg3 Rbg8 27. Rgh3 Kf8 28.
Qd2 Qc7 29. Kb2 Ke7 30. Bc3 Qd7 31. Ba5 Qc8 32. Bb6 h6 33. hxg6 Rxg6 34. gxh6
Rhxh6 35. Rxh6 Nxh6 36. Qh2 Qg8 37. Qh4+ Kd7 38. Kc3 Kc8 39. Be2 Kb8 40. Bh5
Rg3 41. Kd4 Rg2 42. Bf3 Rg6 43. Rh2 Ng4 44. Rg2 Qg7 45. Qd8+ Bc8 46. Qe8 Nxe5
47. Rxg6 Nxf3+ 48. Kd3 Qb2 49. Ba5 d4 50. exd4 Qxb3+ 51. Bc3 Qc4+ 52. Ke3 Qxc3+
53. Kf2 0-1

[Event "Chambly op"]
[Site "Chambly CAN"]
[Date "2022.04.03"]
[Round "5.5"]
[White "Chiku-Ratte, Olivier-Kenta"]
[Black "Mercure, Gilbert"]
[Result "1-0"]
[WhiteElo "2475"]
[BlackElo "1879"]
[PlyCount "107"]
[EventDate "2022.04.01"]
[EventType "swiss"]
[EventRounds "5"]
[EventCountry "CAN"]

1. d4 d5 2. c4 Nc6 3. Nf3 Bg4 4. Nc3 e6 5. Bg5 f6 6. cxd5 Bxf3 7. gxf3 exd5 8.
Bf4 Bd6 9. Be3 Nge7 10. Bh3 f5 11. Nb5 a6 12. Nxd6+ Qxd6 13. Qd2 Qb4 14. Qxb4
Nxb4 15. Rc1 Nbc6 16. Bg5 g6 17. Ra1 Rc8 18. Bh6 Kf7 19. Rd1 Rhe8 20. Kf1 Ng8
21. Bc1 Nf6 22. f4 Ne7 23. b3 c5 24. dxc5 Rxc5 25. Bb2 Rc2 26. Bxf6 Kxf6 27. a4
Nc6 28. e3 Rd8 29. Bg2 Nb4 30. Bf3 Rc3 31. Kg2 Rxb3 32. a5 Rd7 33. Rc1 d4 34.
Rb1 Rxb1 35. Rxb1 Nd5 36. exd4 Nxf4+ 37. Kg3 Nd5 38. Bxd5 Rxd5 39. Rb6+ Kg5 40.
Rxb7 Rxa5 41. h4+ Kh6 42. Kf4 Rd5 43. Ke3 Rb5 44. Rxb5 axb5 45. d5 Kg7 46. Kd4
Kf7 47. Kc5 Ke7 48. f4 b4 49. Kxb4 Kd6 50. Kc4 h6 51. Kd4 g5 52. fxg5 hxg5 53.
hxg5 f4 54. g6 1-0

[Event "Chambly op"]
[Site "Chambly CAN"]
[Date "2022.04.03"]
[Round "5.6"]
[White "Tsukerman, Julia"]
[Black "Adam, Rafael"]
[Result "0-1"]
[WhiteElo "1943"]
[BlackElo "2023"]
[PlyCount "170"]
[EventDate "2022.04.01"]
[EventType "swiss"]
[EventRounds "5"]
[EventCountry "CAN"]

1. e4 e5 2. Nf3 Nc6 3. Bb5 a6 4. Ba4 Nf6 5. d3 b5 6. Bb3 Bc5 7. O-O h6 8. c3 d6
9. Nbd2 O-O 10. h3 Bb6 11. Re1 Ne7 12. Nf1 Ng6 13. d4 c5 14. Ng3 c4 15. Bc2 Re8
16. Be3 Qc7 17. Qd2 Bb7 18. Rad1 Rad8 19. Qc1 Bc8 20. Kh2 Kh7 21. Kg1 Qb8 22.
Nf5 Ng8 23. N3h4 Nxh4 24. Nxh4 Ne7 25. Nf3 Ng6 26. dxe5 dxe5 27. b3 Be6 28. b4
f6 29. a4 Qa7 30. axb5 Bxe3 31. Qxe3 Qxe3 32. Rxe3 Rxd1+ 33. Bxd1 axb5 34. Re2
Ra8 35. Kf1 Ra1 36. Rd2 Rc1 37. Rd6 Bf7 38. g3 Rxc3 39. Ke1 Ra3 40. Nd2 Ra8 41.
Rb6 Rc8 42. Nb1 c3 43. Bc2 Be8 44. Na3 Nf8 45. Nxb5 Bxb5 46. Rxb5 Ne6 47. Kd1
Ra8 48. Ra5 Rd8+ 49. Rd5 Rb8 50. Rd3 Rc8 51. Rd6 Nd4 52. Rd5 Rb8 53. Rc5 Rxb4
54. Rxc3 Nxc2 55. Kxc2 Rxe4 56. Kd2 Ra4 57. Ke2 Ra7 58. Kf3 Kg6 59. Re3 Kf5 60.
Rc3 h5 61. Rb3 Ra4 62. Re3 h4 63. Kg2 g6 64. Rf3+ Kg5 65. gxh4+ Rxh4 66. Rg3+
Kf5 67. Rf3+ Rf4 68. Re3 Rd4 69. Rf3+ Ke6 70. Rg3 g5 71. Rb3 e4 72. Rb6+ Ke5
73. Rb5+ Kf4 74. Rb6 f5 75. Rb3 Rd3 76. Rb4 Rd5 77. Ra4 Ke5 78. Ra8 f4 79. Re8+
Kd4 80. Kf1 Re5 81. Rd8+ Rd5 82. Re8 Kd3 83. Ra8 e3 84. Ra3+ Ke4 85. Ra4+ Kf3
0-1

[Event "Chambly op"]
[Site "Chambly CAN"]
[Date "2022.04.03"]
[Round "5.7"]
[White "Chaurette, Laurent"]
[Black "Jacquet, Stephane"]
[Result "1/2-1/2"]
[WhiteElo "1915"]
[BlackElo "2010"]
[PlyCount "116"]
[EventDate "2022.04.01"]
[EventType "swiss"]
[EventRounds "5"]
[EventCountry "CAN"]

1. d4 d6 2. Nf3 g6 3. c4 Bg7 4. Nc3 Nf6 5. e4 O-O 6. h3 Nc6 7. d5 Nb4 8. Be3 e6
9. a3 Na6 10. Be2 Re8 11. O-O exd5 12. exd5 Rxe3 13. fxe3 Qe7 14. e4 Nxe4 15.
Nxe4 Qxe4 16. Bd3 Qe3+ 17. Kh1 Nc5 18. Qe1 Qxe1 19. Raxe1 Nxd3 20. Re8+ Bf8 21.
Ng5 Ne5 22. Ne6 Bxe6 23. Rxa8 Bf5 24. Rc1 Nd3 25. Rc3 a6 26. b4 Kg7 27. Re8 h5
28. Kh2 h4 29. Kg1 b6 30. Kf1 a5 31. bxa5 bxa5 32. Rb3 Nc5 33. Rbb8 Bd3+ 34.
Kg1 Bxc4 35. Rxf8 Bxd5 36. Rh8 g5 37. Rbg8+ Kf6 38. Rc8 Ne6 39. Kf2 c5 40. g3
hxg3+ 41. Kxg3 Ke5 42. h4 gxh4+ 43. Rxh4 Nd4 44. Re8+ Be6 45. Kf2 a4 46. Ra8
Bb3 47. Re8+ Kd5 48. Rf4 Nc2 49. Rxf7 Nxa3 50. Ke3 Kc4 51. Kd2 d5 52. Rc8 Nb1+
53. Kc1 Nc3 54. Rf4+ d4 55. Rf5 Ne4 56. Re5 Kd3 57. Rxe4 Kxe4 58. Rxc5 Kd3
1/2-1/2

[Event "Chambly op"]
[Site "Chambly CAN"]
[Date "2022.04.03"]
[Round "5.8"]
[White "Turcotte, Jonathan"]
[Black "Petelle, Alexandre"]
[Result "1-0"]
[WhiteElo "1982"]
[BlackElo "1398"]
[PlyCount "77"]
[EventDate "2022.04.01"]
[EventType "swiss"]
[EventRounds "5"]
[EventCountry "CAN"]

1. d4 e6 2. c4 f5 3. Nf3 Nf6 4. Nc3 Bb4 5. Bd2 b6 6. g3 Bb7 7. Bg2 O-O 8. O-O
d6 9. Qb3 a5 10. a3 Bxc3 11. Bxc3 a4 12. Qc2 Be4 13. Qd2 Qe8 14. Rac1 Nbd7 15.
Qf4 Nh5 16. Qe3 Rf6 17. d5 e5 18. Ng5 Bxg2 19. Kxg2 f4 20. Qe4 Rh6 21. Ne6 Nc5
22. Nxc5 bxc5 23. e3 f3+ 24. Qxf3 Qg6 25. h3 Rf8 26. Qg4 Qf7 27. Kh2 Nf6 28.
Qf5 Kh8 29. Rce1 Rh5 30. Qf3 e4 31. Qg2 Ng4+ 32. Kg1 Ne5 33. Bxe5 Rxe5 34. Re2
Qh5 35. Rd2 Rf3 36. Rb1 Qg5 37. b3 Ref5 38. bxa4 h5 39. a5 1-0

[Event "Chambly op"]
[Site "Chambly CAN"]
[Date "2022.04.03"]
[Round "5.9"]
[White "Cote, Etienne"]
[Black "Bassal, Samuel"]
[Result "0-1"]
[WhiteElo "1833"]
[BlackElo "1974"]
[PlyCount "106"]
[EventDate "2022.04.01"]
[EventType "swiss"]
[EventRounds "5"]
[EventCountry "CAN"]

1. e4 e6 2. d4 d5 3. Nc3 Bb4 4. e5 c5 5. a3 Bxc3+ 6. bxc3 Ne7 7. Qg4 Qc7 8.
Qxg7 Rg8 9. Qxh7 cxd4 10. Ne2 Nbc6 11. f4 Bd7 12. Qd3 dxc3 13. Be3 Nf5 14. Bf2
Rc8 15. h3 Na5 16. g4 Ne7 17. Nd4 a6 18. Qh7 Nc4 19. Bxc4 Qxc4 20. f5 exf5 21.
gxf5 Bxf5 22. Qh5 Bxc2 23. e6 Bg6 24. exf7+ Kxf7 25. Qe5 Qd3 26. Be3 Qe4 27.
Rf1+ Ke8 28. Qxe4 Bxe4 29. h4 Rg4 30. h5 Rh4 31. h6 Ng8 32. Nf5 Bxf5 33. Rxf5
Nxh6 34. Re5+ Kf7 35. O-O-O Rc6 36. Rexd5 Ke6 37. Rg5 Nf5 38. Rg6+ Kf7 39. Rxc6
bxc6 40. Bc5 Rc4 41. Bb4 c5 42. Ba5 Nd4 43. Bb6 Ke6 44. Rh1 c2 45. Re1+ Kd5 46.
Re3 Kc6 47. Ba5 Kb5 48. Bd2 Ka4 49. Kb2 Kb5 50. Kc1 Ka4 51. Kb2 a5 52. Re8 Nb3
53. Re1 Nxd2 0-1

[Event "Chambly op"]
[Site "Chambly CAN"]
[Date "2022.04.03"]
[Round "5.10"]
[White "Kot, Emanuel"]
[Black "Bain-Thouverez, Aurelien"]
[Result "1/2-1/2"]
[WhiteElo "1829"]
[BlackElo "1763"]
[PlyCount "124"]
[EventDate "2022.04.01"]
[EventType "swiss"]
[EventRounds "5"]
[EventCountry "CAN"]

1. e4 Nf6 2. e5 Nd5 3. d4 d6 4. c4 Nb6 5. exd6 cxd6 6. Nc3 g6 7. Nf3 Bg7 8. Be2
Bg4 9. Be3 Nc6 10. b3 O-O 11. h3 Bxf3 12. Bxf3 e6 13. Qd2 d5 14. cxd5 Nxd5 15.
Bxd5 exd5 16. O-O Re8 17. Rfe1 Qd7 18. Rad1 Re6 19. Qd3 Rae8 20. Qb5 a6 21.
Qxd5 Rd6 22. Qf3 Nxd4 23. Bxd4 Rxe1+ 24. Rxe1 Bxd4 25. Ne4 Re6 26. Rc1 Qe7 27.
Ng3 Rf6 28. Qd3 Bxf2+ 29. Kh1 Qe3 30. Qxe3 Bxe3 31. Re1 Bc5 32. Rc1 Bb6 33. Ne4
Re6 34. Nd2 Kg7 35. Nc4 Bc7 36. a4 h5 37. Nb2 Bf4 38. Rb1 h4 39. Nd3 Bg3 40.
Nc5 Re7 41. Rd1 Bf2 42. Nd3 Bb6 43. Rb1 Rd7 44. Ne5 Re7 45. Nd3 Rc7 46. Nf4 Rd7
47. Ne2 Rd3 48. b4 Bc7 49. Ng1 b5 50. axb5 axb5 51. Nf3 Bg3 52. Kg1 Rd6 53. Kf1
Kf6 54. Ke2 Kf5 55. Rc1 Re6+ 56. Kd3 Rd6+ 57. Ke2 Re6+ 58. Kd3 Rd6+ 59. Ke2 Kf6
60. Rc3 Rb6 61. Rc5 Re6+ 62. Kd3 Rd6+ {...} 1/2-1/2

[Event "Chambly op"]
[Site "Chambly CAN"]
[Date "2022.04.03"]
[Round "5.11"]
[White "Singher, Jean-Pierre"]
[Black "Jiang, Barron Jiyu"]
[Result "0-1"]
[WhiteElo "2009"]
[BlackElo "1730"]
[PlyCount "66"]
[EventDate "2022.04.01"]
[EventType "swiss"]
[EventRounds "5"]
[EventCountry "CAN"]

1. d4 Nf6 2. c4 e5 3. dxe5 Ng4 4. Nf3 Bc5 5. e3 Nc6 6. a3 a5 7. Nc3 O-O 8. Be2
Ngxe5 9. b3 d6 10. Bb2 Nxf3+ 11. gxf3 Qh4 12. Nd5 Bf5 13. f4 Rae8 14. Kd2 f6
15. Rf1 Bh3 16. Rg1 Qxf2 17. Rg3 Bg2 18. Qg1 Qxg1 19. Rxg1 Bxd5 20. cxd5 Ne7
21. Rxg7+ Kh8 22. Bd3 Bxe3+ 23. Kxe3 Nf5+ 24. Kf3 Nxg7 25. h4 Nh5 26. Bf5 Re7
27. Be6 Rg7 28. Rc1 Rg3+ 29. Ke4 Rxb3 30. Rc2 b5 31. f5 a4 32. Bc1 Rb8 33. Rxc7
b4 0-1

[Event "Chambly op"]
[Site "Chambly CAN"]
[Date "2022.04.03"]
[Round "5.13"]
[White "Lemieux, Serge"]
[Black "Varro, Daniel"]
[Result "0-1"]
[WhiteElo "1429"]
[BlackElo "1772"]
[PlyCount "130"]
[EventDate "2022.04.01"]
[EventType "swiss"]
[EventRounds "5"]
[EventCountry "CAN"]

1. d4 d5 2. c4 c6 3. e3 Nf6 4. Nc3 e6 5. Nf3 Nbd7 6. Bd3 dxc4 7. Bxc4 b5 8. Bd3
Bd6 9. h3 a6 10. Bd2 c5 11. O-O Bb7 12. dxc5 Nxc5 13. Be2 O-O 14. Rc1 Rc8 15.
Be1 Qe7 16. Nb1 Rfd8 17. Nbd2 Bb8 18. b4 Na4 19. Rxc8 Rxc8 20. Nb3 Qc7 21. g3
Ne4 22. Na5 Bd5 23. a3 Nac3 24. Bxc3 Nxc3 25. Qd2 Nxe2+ 26. Qxe2 Qc3 27. Ng5 h6
28. e4 Ba8 29. Nf3 Qxa3 30. Rb1 Qc3 31. Rb3 Qc2 32. Nd2 Bxe4 33. Qxe4 Qxd2 34.
Rd3 Qc1+ 35. Kg2 Qc7 36. Nc6 Re8 37. Rc3 Qd6 38. Rd3 Qc7 39. Rc3 Qb6 40. Ne7+
Kh8 41. Rc6 Qd8 42. Qc2 Qxe7 43. Rc8 Bd6 44. Qc6 Rxc8 45. Qxc8+ Qf8 46. Qxa6
Bxb4 47. Qxb5 Qa8+ 48. Kh2 Be7 49. Qc4 Bf6 50. h4 Qf3 51. Qc8+ Kh7 52. Qc2+ Qf5
53. Qe2 h5 54. f3 g6 55. Qe3 Qe5 56. Qf2 Qb2 57. Kg2 Bd4 58. Qxb2 Bxb2 59. Kf2
Kg7 60. Ke3 f5 61. f4 Kf6 62. Kd2 e5 63. Ke2 e4 64. Kd2 Bd4 65. Ke2 Ke6 0-1

[Event "Chambly op U1800"]
[Site "Chambly CAN"]
[Date "2022.04.01"]
[Round "1.17"]
[White "Hebert, Pierre"]
[Black "Gerard, Patrice"]
[Result "1/2-1/2"]
[WhiteElo "1508"]
[BlackElo "1733"]
[PlyCount "150"]
[EventDate "2022.04.01"]
[EventType "swiss"]
[EventRounds "5"]
[EventCountry "CAN"]

1. c4 g6 2. d4 Nf6 3. Nc3 Bg7 4. e4 d6 5. Nf3 O-O 6. Bd3 e5 7. Bg5 Bg4 8. d5 c6
9. Qd2 Bxf3 10. gxf3 Na6 11. h4 h5 12. Bf1 Kh7 13. Bh3 Qb6 14. f4 Nc5 15. f3 a5
16. f5 Qxb2 17. Qxb2 Nd3+ 18. Ke2 Nxb2 19. Rab1 Nxc4 20. Rxb7 cxd5 21. fxg6+
fxg6 22. Bxf6 Rxf6 23. Nxd5 Rff8 24. Rhb1 a4 25. Nb6 Na5 26. Nxa8 Nxb7 27. Nc7
Nc5 28. Nd5 Kh6 29. Rb6 Rd8 30. Bf1 Bf8 31. Bh3 Kg7 32. Rc6 Kh6 33. Rc8 Rxc8
34. Bxc8 Kg7 35. Bh3 Kf7 36. Bf1 Bh6 37. Kd1 Ne6 38. a3 Nd4 39. Bg2 Bf4 40. Nc3
Bg3 41. Nxa4 Nb5 42. Ke2 Nxa3 43. Nc3 Nc2 44. Nd5 Bxh4 45. Ne3 Nd4+ 46. Kd3 Ne6
47. Nd5 Bf2 48. Ke2 Bc5 49. Bh3 Nd4+ 50. Ke3 g5 51. Bg2 Ne6+ 52. Ke2 Nf4+ 53.
Nxf4 exf4 54. Bh3 Kf6 55. Kd3 Ke5 56. Bd7 Kf6 57. Bh3 Kg6 58. Ke2 Kf6 59. Kd3
Bb4 60. Bd7 Be1 61. Ke2 Bg3 62. Bh3 Ke5 63. Bd7 g4 64. fxg4 hxg4 65. Bxg4 Kxe4
66. Bf3+ Kd4 67. Kd2 Bf2 68. Ke2 Be3 69. Bh5 Ke4 70. Bf3+ Kd4 71. Bh5 d5 72.
Bg4 Kc3 73. Bf5 d4 74. Bg6 Kb2 75. Bf5 Kc3 1/2-1/2

[Event "Chambly op U1800"]
[Site "Chambly CAN"]
[Date "2022.04.01"]
[Round "1.18"]
[White "Cassista, Jeremie"]
[Black "St-Germain, Jack"]
[Result "0-1"]
[WhiteElo "1704"]
[BlackElo "1500"]
[PlyCount "38"]
[EventDate "2022.04.01"]
[EventType "swiss"]
[EventRounds "5"]
[EventCountry "CAN"]

1. e4 e6 2. d4 d5 3. Nc3 Nf6 4. Bg5 Be7 5. e5 Nfd7 6. Bxe7 Qxe7 7. f4 a6 8. Bd3
c5 9. Nf3 cxd4 10. Nxd4 O-O 11. O-O Nc5 12. f5 Nxd3 13. f6 Qc5 14. Qxd3 g6 15.
Qe3 Kh8 16. Rf3 Nc6 17. Nce2 Rd8 18. Rh3 Nxd4 19. Qh6 Nf5+ 0-1

[Event "Chambly op U1800"]
[Site "Chambly CAN"]
[Date "2022.04.01"]
[Round "1.20"]
[White "Bedard, Michel"]
[Black "Frenette, Laurent"]
[Result "1/2-1/2"]
[WhiteElo "1681"]
[BlackElo "1486"]
[PlyCount "37"]
[EventDate "2022.04.01"]
[EventType "swiss"]
[EventRounds "5"]
[EventCountry "CAN"]

1. d4 Nf6 2. Nc3 e6 3. Bf4 d5 4. Nb5 Bb4+ 5. c3 Ba5 6. b4 Bb6 7. e3 Bd7 8. Bg5
Bxb5 9. Bxb5+ c6 10. Bd3 Bc7 11. a4 Nbd7 12. Nf3 Qb8 13. Bxf6 Nxf6 14. h3 b6
15. Qc2 Bd6 16. O-O O-O 17. Ng5 h6 18. Nh7 Nxh7 19. Bxh7+ 1/2-1/2

[Event "Chambly op U1800"]
[Site "Chambly CAN"]
[Date "2022.04.01"]
[Round "1.22"]
[White "Gil, Bernardo"]
[Black "Duval, Mathieu"]
[Result "1-0"]
[WhiteElo "1645"]
[BlackElo "1469"]
[PlyCount "63"]
[EventDate "2022.04.01"]
[EventType "swiss"]
[EventRounds "5"]
[EventCountry "CAN"]

1. e4 c5 2. d4 cxd4 3. Qxd4 Nc6 4. Qd3 d6 5. Nc3 g6 6. Bg5 Bg7 7. Be2 Nf6 8. h3
Be6 9. Nf3 Rc8 10. a3 a6 11. Qe3 O-O 12. Bh6 Na5 13. Bxg7 Kxg7 14. O-O Nc4 15.
Bxc4 Bxc4 16. Rfd1 Qa5 17. e5 dxe5 18. Nxe5 Be6 19. Rd2 b5 20. Rd4 Rc7 21. Rad1
Rfc8 22. Rh4 h5 23. g4 Rxc3 24. bxc3 Rxc3 25. Nd3 Qxa3 26. gxh5 Nxh5 27. Rxh5
gxh5 28. Qg5+ Kh7 29. Qxh5+ Kg7 30. Kh1 Rxd3 31. Rg1+ Kf6 32. Qg5# 1-0

[Event "Chambly op U1800"]
[Site "Chambly CAN"]
[Date "2022.04.01"]
[Round "1.23"]
[White "Lareau, Abel"]
[Black "Poirier, Vincent"]
[Result "0-1"]
[WhiteElo "1456"]
[BlackElo "1635"]
[PlyCount "64"]
[EventDate "2022.04.01"]
[EventType "swiss"]
[EventRounds "5"]
[EventCountry "CAN"]

1. e4 e6 2. Nf3 d5 3. e5 c5 4. d4 cxd4 5. Qxd4 Nc6 6. Bb5 Bd7 7. Bxc6 bxc6 8.
O-O c5 9. Qf4 h6 10. c4 d4 11. b4 cxb4 12. Qxd4 Bc6 13. Qe3 Ne7 14. a3 Nf5 15.
Qb3 a5 16. Rd1 Qc7 17. axb4 Bxb4 18. Bd2 Bc5 19. Na3 O-O 20. h3 Bxf3 21. Qxf3
Qxe5 22. Bf4 Qf6 23. Qc6 Rfc8 24. Qb5 Nd4 25. Rxd4 Qxd4 26. Nc2 Qxf2+ 27. Kh1
Qxf4 28. Rxa5 Qf1+ 29. Kh2 Bd6+ 30. g3 Qf2+ 31. Kh1 Bxg3 32. Rxa8 Qh2# 0-1

[Event "Chambly op U1800"]
[Site "Chambly CAN"]
[Date "2022.04.01"]
[Round "1.24"]
[White "Allaire, Denis"]
[Black "Breton, Jules"]
[Result "1-0"]
[WhiteElo "1626"]
[BlackElo "1431"]
[PlyCount "123"]
[EventDate "2022.04.01"]
[EventType "swiss"]
[EventRounds "5"]
[EventCountry "CAN"]

1. e4 c5 2. c3 e6 3. d4 d5 4. e5 cxd4 5. cxd4 Nc6 6. Nf3 Qa5+ 7. Bd2 Qb6 8. Bc3
Bd7 9. Nbd2 Nge7 10. Bd3 Nf5 11. Nb3 Be7 12. O-O O-O 13. Rc1 Rac8 14. Re1 Nb4
15. Bb1 Qa6 16. a3 Nc6 17. Nc5 Bxc5 18. dxc5 b6 19. cxb6 Qxb6 20. Bxf5 exf5 21.
Qxd5 Be6 22. Qd2 Rfd8 23. Qf4 h6 24. h4 Ne7 25. Qa4 Nd5 26. Bd4 Qb7 27. Qxa7
Qb5 28. Rxc8 Rxc8 29. b4 Nf4 30. Kh2 Bd5 31. Be3 Ne6 32. Nd4 Qd3 33. Qd7 Rd8
34. Qe7 Ra8 35. Nxe6 Bxe6 36. a4 Qc3 37. Re2 Qxe5+ 38. g3 Kh7 39. a5 Qb5 40.
Re1 Rb8 41. Bc5 Qc4 42. Qd6 Ra8 43. Qe5 Re8 44. Qc7 g5 45. h5 f4 46. Qe5 fxg3+
47. fxg3 Qg4 48. Qe4+ Qxe4 49. Rxe4 Rc8 50. Rxe6 fxe6 51. a6 g4 52. a7 Rd8 53.
Kg2 e5 54. b5 Rd2+ 55. Kf1 Ra2 56. b6 Ra1+ 57. Ke2 Ra2+ 58. Ke3 Ra5 59. b7 Rxc5
60. b8=Q Rc3+ 61. Kd2 Rxg3 62. Qc7+ 1-0

[Event "Chambly op U1800"]
[Site "Chambly CAN"]
[Date "2022.04.01"]
[Round "1.25"]
[White "Courtemanche, Sylvain"]
[Black "Kelly, Patrick"]
[Result "0-1"]
[WhiteElo "1429"]
[BlackElo "1589"]
[PlyCount "36"]
[EventDate "2022.04.01"]
[EventType "swiss"]
[EventRounds "5"]
[EventCountry "CAN"]

1. e4 c6 2. d4 d5 3. e5 c5 4. dxc5 e6 5. a3 Bxc5 6. b4 Be7 7. Qg4 g6 8. Nf3 Qc7
9. Bd3 Nc6 10. Bb2 Nh6 11. Qg3 Nf5 12. Bxf5 exf5 13. e6 Bd6 14. exf7+ Kxf7 15.
Ng5+ Kg8 16. Qe3 Be5 17. f4 Bxb2 18. Qe8+ Kg7 0-1

[Event "Chambly op U1800"]
[Site "Chambly CAN"]
[Date "2022.04.01"]
[Round "1.26"]
[White "Chaurette, Benoit"]
[Black "Beauregard, Gabriel"]
[Result "1-0"]
[WhiteElo "1548"]
[BlackElo "1415"]
[PlyCount "45"]
[EventDate "2022.04.01"]
[EventType "swiss"]
[EventRounds "5"]
[EventCountry "CAN"]

1. e4 c6 2. d4 d5 3. Nc3 dxe4 4. Nxe4 Bf5 5. Ng3 Bg6 6. h4 h6 7. Nf3 e6 8. Bc4
c5 9. Ne5 Bh7 10. Qf3 Qc7 11. Bb5+ Nc6 12. Nxc6 a6 13. Ba4 b5 14. Ne5 Rd8 15.
Bb3 c4 16. c3 cxb3 17. axb3 Rd6 18. Qa8+ Ke7 19. Rxa6 Rxa6 20. Qxa6 b4 21. Bf4
Ke8 22. Qa8+ Qd8 23. Qxd8+ 1-0

[Event "Chambly op U1800"]
[Site "Chambly CAN"]
[Date "2022.04.01"]
[Round "1.27"]
[White "Jodoin, Gabriel"]
[Black "Frechette, Gabriel"]
[Result "1-0"]
[WhiteElo "1410"]
[BlackElo "1534"]
[PlyCount "33"]
[EventDate "2022.04.01"]
[EventType "swiss"]
[EventRounds "5"]
[EventCountry "CAN"]

1. e4 c5 2. Nf3 Nc6 3. d4 cxd4 4. Nxd4 d6 5. Nc3 Nf6 6. Bb5 Bd7 7. O-O e5 8.
Nde2 Be7 9. Bg5 Bg4 10. Bxf6 Bxf6 11. Qd5 Qd7 12. Rad1 Be7 13. f4 a6 14. fxe5
axb5 15. Qxf7+ Kd8 16. Qxg7 Kc7 17. Nd5+ 1-0

[Event "Chambly op U1800"]
[Site "Chambly CAN"]
[Date "2022.04.01"]
[Round "1.28"]
[White "Laporte, Michel"]
[Black "Godbout, Julien"]
[Result "1-0"]
[WhiteElo "1525"]
[BlackElo "1273"]
[PlyCount "115"]
[EventDate "2022.04.01"]
[EventType "swiss"]
[EventRounds "5"]
[EventCountry "CAN"]

1. d4 e6 2. Nf3 d5 3. e3 Nf6 4. Bd3 c5 5. b3 Nc6 6. a3 Qa5+ 7. c3 Ne4 8. Bb2 e5
9. dxe5 Bf5 10. O-O Qc7 11. Nh4 Qxe5 12. Nxf5 Qxf5 13. f3 Qe5 14. fxe4 dxe4 15.
Bc4 f6 16. Qd5 Bd6 17. Qe6+ Qxe6 18. Bxe6 Na5 19. b4 Nc6 20. Bd5 Kd7 21. Bxe4
Nd8 22. Rd1 Re8 23. Bxh7 Kc7 24. e4 Bxh2+ 25. Kxh2 Rh8 26. bxc5 Rxh7+ 27. Kg3
Ne6 28. Rd5 Rd8 29. c4 Rxd5 30. cxd5 Nxc5 31. Nd2 Nd3 32. Bd4 b6 33. Kf3 Ne5+
34. Bxe5+ fxe5 35. Rc1+ Kd7 36. Nc4 Rh5 37. Kg4 g6 38. Rf1 b5 39. Rf7+ Ke8 40.
Nd6+ Kd8 41. Rxa7 Rh2 42. Kg3 Rh1 43. Nf7+ Ke8 44. Nxe5 Rb1 45. Nxg6 b4 46.
axb4 Rxb4 47. Re7+ Kd8 48. Kf4 Rxe4+ 49. Kxe4 Kc8 50. d6 Kd8 51. d7 Kc7 52. Ne5
Kd8 53. Re8+ Kc7 54. Rc8+ Kb7 55. d8=Q Ka7 56. Qa5+ Kb7 57. Rc7+ Kb8 58. Qa7#
1-0

[Event "Chambly op U1800"]
[Site "Chambly CAN"]
[Date "2022.04.02"]
[Round "2.17"]
[White "Lelievre, Aldo"]
[Black "Gil, Bernardo"]
[Result "0-1"]
[WhiteElo "1509"]
[BlackElo "1645"]
[PlyCount "88"]
[EventDate "2022.04.01"]
[EventType "swiss"]
[EventRounds "5"]
[EventCountry "CAN"]

1. e4 d5 2. exd5 Qxd5 3. Nc3 Qa5 4. Be2 Nf6 5. Nf3 Bf5 6. O-O Nc6 7. Bb5 O-O-O
8. a3 e6 9. Bxc6 bxc6 10. b4 Bxb4 11. Bb2 Bc5 12. Ne5 Bxf2+ 13. Rxf2 Qxe5 14.
h3 h5 15. Na4 Qb5 16. Rf4 Ne4 17. Nc3 Qb6+ 18. Kh2 Qxb2 19. Nxe4 Qe5 20. Qf1
Bxe4 21. Re1 f5 22. Kh1 Rxd2 23. Rf2 Rhd8 24. Qa6+ Kd7 25. Rxd2+ Ke7 26. Rxd8
Kxd8 27. Qe2 Qg3 28. Qd2+ Ke7 29. Re3 Qg5 30. Qe2 Bxg2+ 31. Kh2 Be4 32. Qf2 h4
33. Rc3 Qf6 34. Re3 Qe5+ 35. Kg1 g5 36. Qe1 c5 37. c3 Qf4 38. Qf2 Qd6 39. Kf1
a6 40. Ke1 c4 41. Qg1 Kf6 42. Qf2 Qxa3 43. Rxe4 Qc1+ 44. Ke2 Qc2+ 0-1